00845nam a2200193Ia 4500003000900000008004100009020001800050040001600068080002200084111008700106245029100193260003800484300001600522650002400538650002100562700002300583700002300606700002200629IN-BaIIA211028s9999 xx 000 0 eng d a981-02-2073-1 cIIA Library a530.1(082.2)bWHA aAnnual Montreal-Rochester-Syracuse-Toronto Meetingn16thcMontreald1994 May 11-13 0aWhat next?-exploring the future of high-energy physicsbproceedings of the sixteenth annual Montreal-Rochester-Syracuse-Toronto meeting held in McGill University, Montreal, 11-13 May 1994cedited by J. R. Cudell, K. R. Dienes and B. Margolis  aSingaporebWorld Scientificc1994 axvii, 311p. aHigh energy physics aParticle physics aCudell, J. R., ed. aDienes, K. R., ed. aMargolis, B., ed.